| 000 | 00747nam a22001577a 4500 | ||
|---|---|---|---|
| 003 | OSt | ||
| 005 | 20160104160907.0 | ||
| 008 | 160104b xxu||||| |||| 00| 0 eng d | ||
| 040 | _cRUA | ||
| 082 | _aLMA KOE 2010 B308 Or.1 | ||
| 100 |
_95989 _aKOEK, BONA. |
||
| 245 | _aStudy on registered land transaction in ruesseilok commune, chiraeng disrict, siem reap province, សិក្សាពីការផ្ទេរសិទ្ធិចំពោះដីដែលបានចុះបញ្ជីរួចរបស់ប្រជាពលរដ្ឋនៅឃុំឫស្សីលក ស្រុកដីក្រែ ខេត្តសៀមរាប | ||
| 260 |
_aPhnom Penh _bRUA _c2011 |
||
| 300 |
_aix; 52p. _bill. _c29cm. |
||
| 942 |
_2ddc _cLMA |
||
| 999 |
_c5587 _d5587 |
||